000 00844nam a2200217 a 4500
001 000045667
005 20240307073949.0
008 150422s1982 dr a 000 0 spa d
040 _aDO-SdBNP
_bspa
_cBNPHU
082 _axxxx
_bxxxx
100 1 _aAyuso, Félix F.
_973726
245 1 0 _aBreve historia de la publicidad /
_cFélix F. Ayuso, R. Núñez Grassals, Eridania Mir.
260 _aSanto Domingo :
_bUASD,
_c1982.
300 _a110 p. :
_bil. ;
_c21 cm.
490 1 _aCuadernos de comunicación
_aDepartamento de comunicación social
_v4
500 _aPerteneció a la biblioteca personal de Erick Landestoy.
700 1 2 _aNúñez Grassals, R.
_973727
700 1 2 _aMir, Eridania
_910197
710 1 2 _aUniversidad Autónoma de Santo Domingo
_972951
830 0 _aCuadernos de comunicación.
_pDepartamento de comunicación social
_n4
_973728
999 _c45156
_d45156